| 000 | 00870cam a22002413a 4500 | ||
|---|---|---|---|
| 001 | 2731 | ||
| 003 | PGUSA | ||
| 005 | 20140828083020.0 | ||
| 008 | 060525s2006||||xxu|||||s|||||000 | eng d | ||
| 040 |
_aPGUSA _beng |
||
| 042 | _adc | ||
| 050 | 4 | _aPR | |
| 100 | 1 |
_aThackeray, William Makepeace, _d1811-1863 |
|
| 245 | 1 | 4 |
_aThe Christmas Books of Mr. M.A. Titmarsh _h[electronic resource] / _cWilliam Makepeace Thackeray |
| 260 |
_bProject Gutenberg, _c2006 |
||
| 505 | 0 | _aMrs. Perkin's ball -- Our street -- Dr. Birch and his young friends -- The Kickleburys on the Rhine -- The rose and the ring; or, the history of Prince Giglio and Prince Bulbo. | |
| 506 | _aPublic domain in the USA. | ||
| 516 | _aElectronic text | ||
| 653 | _aChristmas stories, English | ||
| 830 | 0 |
_aProject Gutenberg _v2731 |
|
| 856 | 4 | 0 | _uhttp://www.gutenberg.org/ebooks/2731 |
| 942 | _cEB | ||
| 999 |
_c232064 _d232064 |
||